000 00655cam a2200229 a 4500
001 000005278
005 20200929151629.0
008 980702s2000 sp b 000 0 spa
020 _a8495501139
040 _aDO-SdBNP
_bspa
_cBNPHU
082 _a864.64
_bC387r
100 1 _aCebrián, Juan Luis,
_d1945-
_915036
245 1 3 _aLa red /
_cJuan Luis Cebrián.
260 _a[Madrid] :
_bSuma de Letras,
_c2000.
300 _a282 p. ;
_c22 cm.
490 1 _aPunto de lectura
_v14
650 4 _aEnsayos españoles
_93095
650 4 _aLiteratura española
_9632
830 0 _aPunto de lectura ;
_v14
_93047
910 _aCatalogación derivada
910 _aWM
999 _c5079
_d5079